000 00950nam a2200277 i 4500
003 DO-SdBNP
005 20230922112414.0
007 ta
008 110413s2019 dr do 000 j spa d
040 _aDO-SdBNP
_bspa
_cBNPHU
_erda
082 _bM533
_222
110 _aRepública Dominicana
_bPoder Judicial
_915992
245 1 0 _aMemoria 20 años ENJ :
_b1998-2018 /
_cpalabras Mariano Germán Mejía, Gervasia Valenzuela Sosa
246 1 _aMemoria veinte años :
264 1 _aSanto Domingo :
_bENJ,
_c[2019].
300 _a75 páginas
_c28 cm.
_bgraficas, fotografías
336 _2rdacontent
_atexto
_btxt
337 _2rdamedia
_asin mediación
_bn
338 _2rdacarrier
_avolumen
_bnc
590 _aInventariado, 2023/ YL
700 1 2 _aGermán Mejía, Mariano
_epalabras
_984163
700 1 2 _aValenzuela Sosa, Gervasia
_epalabras
_984164
710 1 _aEscuela Nacional de la Judicatura
_984257
910 _aYLockward
942 _2ddc
_cLBS1
999 _c54903
_d54903